All 125cc/ Moto 3 World Champions - Statistics

General Stats
  • This quiz has been taken 26 times
    14 since last reset
  • The average score is 30 of 76
Answer Stats
Year Team Constructor Answer % Correct
2018 Del Conca Gresini Honda Jorge Martin
100%
2014 Estrella Galicia 0,0 Honda Alex Marquez
91%
2003 Telefonica Movistar Honda Dani Pedrosa
91%
2024 CFMoto Team Aspar CFMoto David Alonso
91%
2010 Ajo Motorsport Derbi Marc Marquez
91%
1997 Nastro Azzurro Aprilia Valentino Rossi
91%
2016 Red Bull KTM Ajo KTM Brad Binder
82%
2015 Leopard Racing Honda Danny Kent
82%
2022 Gas Gas Aspar KTM Izan Guevara
82%
2023 Leopard Racing Honda Jaume Masia
82%
2017 Leopard Racing Honda Joan Mir
82%
2009 Bancaja Aspar Aprilia Julian Simon
82%
2021 Red Bull KTM Ajo KTM Pedro Acosta
82%
2004 Kopron Team Scot Honda Andrea Dovizioso
73%
1971 Derbi Derbi Angel Nieto
73%
1972 Derbi Derbi Angel Nieto
73%
1979 Minarelli Minarelli Angel Nieto
73%
1981 Minarelli Minarelli Angel Nieto
73%
1982 Garelli Garelli Angel Nieto
73%
1983 Garelli MBA Angel Nieto
73%
1984 Garelli Garelli Angel Nieto
73%
2019 Leopard Racing Honda Lorenzo Dalla Porta
73%
2013 Team Calco KTM Maverick Viñales
73%
2011 Bankia Aspar Aprilia Nicolas Terol
64%
2012 Red Bull KTM Ajo KTM Sandro Cortese
64%
2020 Aspar Team KTM Albert Arenas
55%
2006 Aspar Team Aprilia Alvaro Bautista
55%
2005 Elit Grand Prix Honda Thomas Lüthi
55%
2007 Bancaja Aspar Aprilia Gabor Talmacsi
45%
1988 Derbi Derbi Jorge Martinez
45%
1990 AGV Pileri Honda Loris Capirossi
45%
1991 AGV Pileri Honda Loris Capirossi
45%
2001 Gilera Racing Gilera Manuel Poggiali
36%
1968 Yamaha Yamaha Phil Read
36%
2000 Diesel Vasco Rossi Aprilia Roberto Locatelli
36%
1989 JJ Cobas Honda Alex Crivillé
27%
1999 Via DIgital Honda Emilio Alzamora
27%
1995 Blumex Rheos Honda Haruchika Aoki
27%
1996 Arie Molenaar Honda Haruchika Aoki
27%
1994 Semprucci Honda Kazuto Sakata
27%
1998 UGT Bikes Aprilia Kazuto Sakata
27%
1986 Garelli Garelli Luca Cadalora
27%
2008 Ajo Motorsport Derbi Mike Di Meglio
27%
2002 Imola Circuit Aprilia Armant Vincent
18%
1951 Mondial Mondial Carlo Ubbiali
18%
1955 MV Augusta MV Augusta Carlo Ubbiali
18%
1956 MV Augusta MV Augusta Carlo Ubbiali
18%
1958 MV Augusta MV Augusta Carlo Ubbiali
18%
1959 MV Augusta MV Augusta Carlo Ubbiali
18%
1960 MV Augusta MV Augusta Carlo Ubbiali
18%
1993 Europa Raudies Honda Dirk Raudies
18%
1992 Aprilia Jeans Honda Alessandro Gramigni
9%
1950 Mondial Mondial Bruno Ruffo
9%
1969 Kawasaki Kawasaki Dave Simmonds
9%
1985 Garelli MBA Fausto Gresini
9%
1987 Garelli Garelli Fausto Gresini
9%
1963 Suzuki Suzuki Hugh Anderson
9%
1965 Suzuki Suzuki Hugh Anderson
9%
1973 Yamaha Yamaha Kent Andersson
9%
1974 Yamaha Yamaha Kent Andersson
9%
1962 Honda Honda Luigi Taveri
9%
1964 Honda Honda Luigi Taveri
9%
1966 Honda Honda Luigi Taveri
9%
1949 Mondial Mondial Nello Pagani
9%
1975 Morbidelli Morbidelli Paolo Pileri
9%
1976 Morbidelli Morbidelli Pier Paolo Bianchi
9%
1977 Morbidelli Morbidelli Pier Paolo Bianchi
9%
1980 MBA Minarelli Pier Paolo Bianchi
9%
1957 Mondial Mondial Tarquinio Provini
9%
1961 Honda Honda Tom Phillis
9%
1953 NSU MV Augusta Werner Haas
9%
1967 Yamaha Yamaha Bill Ivy
0%
1952 MV Augusta MV Augusta Cecil Sandford
0%
1970 Suzuki Suzuki Dieter Braun
0%
1978 MBA Minarelli Eugenio Lazzarini
0%
1954 NSU / Rupert Hollaus
0%
No matching quizzes found
Score Distribution
Percent of People with Each Score
Percentile by Number Answered
Your Score History
You have not taken this quiz since the last reset